000 00348nmm a2200145 a 4500
003 AR-BaBNM
005 20251128202650.0
008 013119s[18- ||||||||||||||000 | spa||
040 _cAR-BaBNM
245 1 0 _aL'éducation de la démocratie
260 _a[S.l.]
_bLe matin
_c[18--]
700 1 _aDoumer, Paul
_eprologuista
942 _cBK
998 _cRhizi
999 _c34
_d34